[Event "Budha Bhandari Memorial"]
[Site "Budhanilkantha"]
[Date "2019.11.12"]
[Round "6"]
[White "Ehtesham, Ul Haq"]
[Black "Maharjan, Saroj"]
[Result "1-0"]
[WhiteElo "1716"]
[BlackElo "1927"]
[PlyCount "95"]
[EventDate "2019.11.09"]
[EventType "swiss"]
[EventRounds "9"]
[EventCountry "NEP"]
[SourceTitle "CBM 193 Extra"]
[Source "ChessBase"]
[SourceDate "2020.01.31"]
[SourceVersion "1"]
[SourceVersionDate "2020.01.31"]
[SourceQuality "1"]

1. e4 d5 2. exd5 Nf6 3. c4 c6 4. d4 cxd5 5. Nc3 Nc6 6. Bg5 dxc4 7. d5 Ne5 8. Bxc4 Nxc4 9. Qa4+ Bd7 10. Qxc4 b5 11. Qd4 a5 12. Nf3 b4 13. Ne2 Bb5 14. Rd1 Qd6 15. Qe5 Qxe5 16. Nxe5 Ne4 17. Bf4 Rc8 18. Nd4 Ba6 19. f3 Nc5 20. Nb3 f6 21. Nxc5 Rxc5 22. Nc6 e5 23. Be3 Rc2 24. Rd2 Rc1+ 25. Rd1 Rxd1+ 26. Kxd1 a4 27. b3 Bb5 28. Kd2 Kd7 29. Rc1 Bd6 30. Bc5 axb3 31. axb3 Bxc6 32. dxc6+ Kc7 33. Bxd6+ Kxd6 34. c7 Rc8 35. Kd3 Kd5 36. Rc4 f5 37. Ke3 g6 38. Kd3 g5 39. g4 fxg4 40. fxg4 h6 41. Ke3 Ke6 42. Ke4 Kd6 43. Rc2 Ke6 44. Rc6+ Kd7 45. Kd5 e4 46. Rd6+ Ke7 47. Kc6 e3 48. Rd3 1-0